[Event "Zuerich op-B 31st"]
[Site "Zuerich"]
[Date "2007.??.??"]
[Round "2"]
[White "Geyer, Martin"]
[Black "Muelli, Thomas"]
[Result "0-1"]
[WhiteElo "1842"]
[BlackElo "2006"]
[PlyCount "67"]
[EventDate "2007.12.26"]
[EventType "swiss"]
[EventRounds "7"]
[EventCountry "SUI"]
[SourceTitle "EXT 2019"]
[Source "ChessBase"]
[SourceDate "2018.10.10"]
[SourceVersion "1"]
[SourceVersionDate "2018.10.10"]
[SourceQuality "1"]

1. e4 c6 2. d4 d5 3. Nc3 dxe4 4. Nxe4 Bf5 5. Ng3 Bg6 6. h4 h6 7. Nf3 Nd7 8. h5 Bh7 9. Bd3 Bxd3 10. Qxd3 Ngf6 11. Ne4 e6 12. Nxf6+ Nxf6 13. Ne5 Qd5 14. f3 Rd8 15. Be3 Bd6 16. Nc4 Bg3+ 17. Kf1 Nxh5 18. Nd2 Bf4 19. Bf2 Bxd2 20. Qxd2 Qb5+ 21. Kg1 Qxb2 22. Qd1 Nf6 23. Rb1 Qxa2 24. Rxb7 Qa6 25. Rb3 c5 26. c3 0-0 27. Bh4 e5 28. Bxf6 Qxf6 29. d5 Qf4 30. Ra3 Rd7 31. Ra4 Qe3+ 32. Kf1 Qxc3 33. Rg4 f5 34. Rg6 0-1